Tribes, castes and development: Scenario in three villages of Madhya Pradesh (Record no. 27718)

MARC details
000 -LEADER
fixed length control field 00497nam a2200169Ia 4500
008 - FIXED-LENGTH DATA ELEMENTS--GENERAL INFORMATION
fixed length control field 230917s9999||||xx |||||||||||||| ||und||
020 ## - ISBN
Price RS895
040 ## - CATALOGING SOURCE
-- 249243
Original cataloging agency VIVEKANANDA LIBRARY
041 ## - Language
-- English
082 ## - DDC NUMBER
Classification number 301.446 C393T
100 ## - MAIN ENTRY--PERSONAL NAME
Personal name Chaudhary, S N
245 #0 - TITLE STATEMENT
Title Tribes, castes and development: Scenario in three villages of Madhya Pradesh
260 ## - PUBLICATION, DISTRIBUTION, ETC. (IMPRINT)
Place of publication, distribution, etc Jaipur
Name of publisher, distributor, etc Rawat Publications
Date of publication, distribution, etc 2018
300 ## - PHYSICAL DESCRIPTION
Pages ix, 206 p.
500 ## - GENERAL NOTE
General note 3221 02/08/2018 RK18/1037 02/08/2018 Main Budget
942 ## - ADDED ENTRY ELEMENTS (KOHA)
Koha item type Books
Holdings
Withdrawn status Lost status Damaged status Not for loan Location (home branch) Sublocation or collection (holding branch) Date acquired Koha issues (times borrowed) Koha full call number Accession No. Koha date last seen Koha item type
        VIVEKANANDA LIBRARY VIVEKANANDA LIBRARY 10/09/2018   301.446 C393T 374475 17/09/2023 Books
        VIVEKANANDA LIBRARY VIVEKANANDA LIBRARY 10/09/2018   301.446 C393T 374476 17/09/2023 Books
© Designed and Maintained by Vivekananda Library, MDU Rohtak